000 00922nam a2200241 i 4500
005 20200104041544.0
008 140312s2003 ne ||||| |||| 00| 0 eng d
040 _aCO-BoIAVH
_cCO-BoIAVH
041 _aeng
082 0 4 _a338.17498
_bA54c
100 1 _aAndel, Tinde van
245 1 0 _aCommercial non-timber forest products of the Guiana Shield
_ban inventory of commercial NTFP extraction and possibilities for sustainable harvesting /
_cby Tinde van Andel, Amy MacKinven and Olaf Bánki.
260 _aAmsterdam :
_bNetherlands Committee for IUCN,
_c2003.
300 _a191 páginas
650 1 4 _aProductos forestales
650 2 4 _aProductos de la madera
650 2 4 _aUso sostenible
650 2 4 _aDesarrollo sostenible
650 2 4 _aConservación de ecosistemas
700 1 _aMackinven, Amy,
_eautor.
700 1 _aBánki, Olaf,
_eautor.
942 _cLIBRO
_2ddc
999 _c3849
_d3849